KOHA-Header-6

The Great Writers of the World (Record no. 11991)

000 -LEADER
fixed length control field 00320nam a22001337a 4500
020 ## - INTERNATIONAL STANDARD BOOK NUMBER
ISBN 8172454201
020 ## - INTERNATIONAL STANDARD BOOK NUMBER
ISBN 9788172454203
082 ## - DEWEY DECIMAL CLASSIFICATION NUMBER
Classification number 920.02
100 ## - MAIN ENTRY--AUTHOR NAME
Personal name Ashwani Bhardwaj
245 ## - TITLE STATEMENT
Title The Great Writers of the World
260 ## - PUBLICATION, DISTRIBUTION, ETC. (IMPRINT)
Place of publication New Delhi
Name of publisher Goodwill Publishing House
300 ## - PHYSICAL DESCRIPTION
Number of Pages ix, 533 pages
942 ## - ADDED ENTRY ELEMENTS (KOHA)
Koha item type Books
Holdings
Withdrawn status Lost status Collection code Permanent Location Current Location Shelving location Date acquired Full call number Accession Number Koha item type
    English Literature MAJU MAJU Shelf No.A15 2019-09-26 920.02 10566 Books

Powered by Koha